000 00375nam a2200157Ia 4500
005 20250522011919.0
008 240331s9999 xx 000 0 und d
082 _a301
_bSAN
100 _aSangrithiyayan, R
245 0 _aValgavilirunthu gangai varai
250 _a18th
260 _aMadras
_bTamil Puthakalayam
_c1991
300 _a496 p .,
650 _aNovel
942 _cL
999 _c1047
_d1047